LIBRARY & INFORMATION CENTRE, KCAET, TAVANUR

ONLINE PUBLIC ACCESS CATALOGUE (OPAC)

Questions and Answers on Electronics (Record no. 17766)

MARC details
000 -LEADER
fixed length control field 00394nam a22001577a 4500
003 - CONTROL NUMBER IDENTIFIER
control field OSt
008 - FIXED-LENGTH DATA ELEMENTS--GENERAL INFORMATION
fixed length control field 231028b |||||||| |||| 00| 0 eng d
041 ## - LANGUAGE CODE
Language code of text/sound track or separate title eng
082 ## - DEWEY DECIMAL CLASSIFICATION NUMBER
Classification number 537 BRO / Q
100 ## - MAIN ENTRY--AUTHOR NAME
Personal name Brown, Clement
245 ## - TITLE STATEMENT
Title Questions and Answers on Electronics
260 ## - PUBLICATION, DISTRIBUTION, ETC. (IMPRINT)
Place of publication Bombay:
Name of publisher Book Centre Pvt Ltd,
Year of publication 1996.
300 ## - PHYSICAL DESCRIPTION
Number of Pages 112pages.
650 ## - SUBJECT ADDED ENTRY--TOPICAL TERM
Topical Term Electronics
942 ## - ADDED ENTRY ELEMENTS (KOHA)
Koha item type Books
Holdings
Withdrawn status Lost status Damaged status Home library Current library Shelving location Date acquired Full call number Accession Number Koha item type
Withdrawn     KAUAET KAUAET General Stacks 28/10/2023 537 BRO / Q 10896 Books
free website counter